| 000 | 01748nam a2200361 c 4500 | ||
|---|---|---|---|
| 003 | BLK | ||
| 005 | 20240604133919.0 | ||
| 008 | 180411b bul|||||r ||||||| ||bul|| | ||
| 010 | _aKNG00196854000 | ||
| 020 |
_a978-619-7223-27-9 _bиздат.: Фастумпринт - на том(т. 1) |
||
| 040 | _aBLK | ||
| 041 |
_aBUL _cBUL |
||
| 072 | 7 |
_2bullib _aН84 _xБългарска художествена литература Н |
|
| 080 |
_aБългарска литература _b821.163.2 _x-32(081.2) _z821.163.2-32(081.2) |
||
| 100 | 1 |
_aБанков, Банко Петков _936319 |
|
| 139 |
_aБанков, Банко Петков _bБ 25 |
||
| 245 | 1 | 0 |
_aИзбрани съчинения _bТ. 1 - За том: Ранни разкази, новели и повести във втора редакция _cБанко Петков Банков. _nТ. 1 _pПоданици на отписано време |
| 257 | _aBGR | ||
| 260 |
_аСофия _c2016 - |
||
| 300 | _c21 см | ||
| 380 | _aX | ||
| 653 | _aразкази | ||
| 653 | _aновели | ||
| 653 | _aповести | ||
| 659 | _aН | ||
| 760 | 1 |
_3- на том(т. 1) _aБанков, Банко Петков _dФастумпринт, 2016 _h239 с. _nКор. загл. Поданици на отписано време. - Колелото на живота / Димитрина Бояджиева: с. 5-7. - Съдържа и за авт. - Библиогр. с. 239. _tТ. 1 Поданици на отписано време |
|
| 852 | _aЦб 283305 | ||
| 856 | 4 |
_qpdf _u |
|
| 856 | 4 |
_qpdf _u |
|
| 942 |
_cKNG _n0 |
||
| 944 |
_aCR _c25.11.2016 _lГеновева Генчева _k30560 |
||
| 944 |
_aED _c28.08.2017 _lф / _kЛюдмила_Стоянова |
||
| 999 |
_c187837 _d187837 |
||